[Event "Rostov on Don rapid GP Stage 28th"]
[Site "Rostov on Don"]
[Date "2021.10.29"]
[Round "1"]
[White "Kulikov, Maksim"]
[Black "Zakaryan, David"]
[Result "0-1"]
[WhiteElo "1406"]
[BlackElo "2283"]
[PlyCount "60"]
[EventDate "2021.10.29"]
[EventType "swiss"]
[EventRounds "11"]
[EventCountry "RUS"]
[SourceTitle "CBM 204 Extra"]
[Source "ChessBase"]
[SourceDate "2021.11.30"]
[SourceVersion "1"]
[SourceVersionDate "2021.11.30"]
[SourceQuality "1"]

1. e4 c5 2. Nf3 e6 3. d4 cxd4 4. Nxd4 Nc6 5. Be3 Nf6 6. f3 d5 7. Bb5 Bd7 8. Nxc6 bxc6 9. Bd3 e5 10. c3 dxe4 11. fxe4 Ng4 12. Bd2 Qb6 13. Rf1 Nxh2 14. Rxf7 Qg1+ 15. Rf1 Nxf1 16. Qh5+ Kd8 17. Bxf1 Bc5 18. Qg5+ Kc8 19. Qg3 Rf8 20. Be3 Rxf1+ 21. Ke2 Re1+ 22. Qxe1 Qxe3+ 23. Kd1 Bg4+ 24. Kc2 Qxe1 25. b4 Bd1+ 26. Kb2 Qe2+ 27. Ka3 Rb8 28. g4 Bxb4+ 29. cxb4 Qd3+ 30. Nc3 Qxc3# 0-1